000 00459pab a2200169 454500
008 180718b2013 xxu||||| |||| 00| 0 eng d
100 _aSodhi, Inderjeet Singh
245 _aEvolution and development of local government in Tanzania - Issues and challenges
260 _c2013
300 _ap.22-37.
362 _aApr-Jun
650 _aLocal government - Tanzania
650 _aLocal government
773 _aNagarlok
908 _aN
909 _a103215
999 _c103211
_d103211